Nick & Norah's infinite playlist /
High school student Nick O'Leary, member of a rock band, meets college-bound Norah Silverberg and asks her to be his girlfriend for five minutes in order to avoid his ex-sweetheart.
| Main Author: | |
|---|---|
| Other Authors: | |
| Format: | Book |
| Language: | English |
| Published: |
New York :
Knopf :
2006.
|
| Edition: | 1st ed. |
| Subjects: | |
| Online Access: | Publisher description Contributor biographical information Sample text |
MARC
| Tag | First Indicator | Second Indicator | Subfields |
|---|---|---|---|
| LEADER | 00000cam a2200000 a 4500 | ||
| 001 | in00002222708 | ||
| 005 | 20151104161338.0 | ||
| 008 | 050428s2006 nyu d 000 1 eng | ||
| 010 | |a 2005012413 | ||
| 020 | |a 0375835318 (hardcover) | ||
| 020 | |a 0375935312 (glb) | ||
| 020 | |a 9780375835315 (hardcover) | ||
| 020 | |a 9780375935312 (glb) | ||
| 029 | 1 | |a YDXCP |b 2470505 | |
| 029 | 1 | |a YDXCP |b 2515569 | |
| 035 | |a (OCoLC)ocm60558784 | ||
| 035 | |a (OCoLC)60558784 | ||
| 040 | |a DLC |c DLC |d BAKER |d OCO |d XY4 |d YDXCP |d BTCTA |d ZIH |d UtOrBLW | ||
| 042 | |a lcac | ||
| 043 | |a n-us-ny | ||
| 049 | |a TXAM | ||
| 050 | 0 | 0 | |a PZ7.C6665 |b Ni 2006 |
| 082 | 0 | 0 | |a [Fic] |2 22 |
| 100 | 1 | |a Cohn, Rachel. | |
| 245 | 1 | 0 | |a Nick & Norah's infinite playlist / |c Rachel Cohn & David Levithan. |
| 250 | |a 1st ed. | ||
| 264 | 1 | |a New York : |b Knopf : |c 2006. | |
| 264 | 2 | |a New York : |b Distributed by Random House, | |
| 300 | |a 183 pages ; |c 22 cm. | ||
| 336 | |a text |b txt |2 rdacontent | ||
| 337 | |a unmediated |b n |2 rdamedia | ||
| 338 | |a volume |b nc |2 rdacarrier | ||
| 520 | |a High school student Nick O'Leary, member of a rock band, meets college-bound Norah Silverberg and asks her to be his girlfriend for five minutes in order to avoid his ex-sweetheart. | ||
| 650 | 1 | |a Rock groups |v Fiction. | |
| 650 | 1 | |a Love |v Fiction. | |
| 651 | 1 | |a New York (N.Y.) |v Fiction. | |
| 700 | 1 | |a Levithan, David. | |
| 856 | 4 | 2 | |3 Publisher description |u http://www.loc.gov/catdir/enhancements/fy0622/2005012413-d.html |t 0 |
| 856 | 4 | 2 | |3 Contributor biographical information |u http://www.loc.gov/catdir/enhancements/fy0634/2005012413-b.html |t 0 |
| 856 | 4 | 1 | |3 Sample text |u http://www.loc.gov/catdir/enhancements/fy0642/2005012413-s.html |t 0 |
| 938 | |a Baker & Taylor |b BKTY |c 16.95 |d 12.71 |i 0375835318 |n 0006476425 |s active | ||
| 938 | |a Baker & Taylor |b BKTY |c 18.99 |d 18.99 |i 0375935312 |n 0006476426 |s active | ||
| 938 | |a Baker and Taylor |b BTCP |n 2005012413 | ||
| 938 | |a YBP Library Services |b YANK |n 2515569 | ||
| 945 | |a PromptCat |b 89874 | ||
| 946 | |a curr | ||
| 947 | |a A14835557916 | ||
| 994 | |a 92 |b TXA | ||
| 948 | |a cataloged |b h |c 2007/3/21 |d c |e rbarron |f 4:05:23 pm | ||
| 999 | |a MARS | ||
| 999 | f | f | |s b6dd7f59-899f-3e72-86b1-f949b8d87f5a |i 5f00612a-ad17-3867-9932-eb749f8903eb |t 0 |
| 952 | f | f | |p normal |a Texas A&M University |b College Station |c Sterling C. Evans Library |d Evans: Curriculum Collection (4th floor) |t 0 |e PZ7.C6665 Ni 2006 |h Library of Congress classification |i unmediated -- volume |m A14835557916 |
| 998 | f | f | |a PZ7.C6665 Ni 2006 |t 0 |l Evans: Curriculum Collection (4th floor) |